[Event "Athens"]
[Site "?"]
[Date "2006.08.16"]
[Round "4"]
[White "Peralta Fernando"]
[Black "Zysk Robert"]
[Result "1-0"]
[WhiteElo "2546"]
[BlackElo "2474"]
[PlyCount "23"]
[EventDate "2006.??.??"]
[Source "www.chesslib.no"]
[SourceDate "2004.05.04"]

1. d4 f5 2. c4 d6 3. Nf3 Nf6 4. g3 g6 5. b4 Bg7 6. Bb2 e5 7. dxe5 Nfd7 8. Bg2 Nc6 9. O-O Ndxe5 10. Nxe5 Nxe5 11. f4 Nf3+ 12. exf3 1-0

[Event "Unknown"]
[Site "?"]
[Date "1988.??.??"]
[Round "?"]
[White "Rivas Pastor, Manuel"]
[Black "Malaniuk, Vladimir P"]
[Result "0-1"]
[WhiteElo "2505"]
[BlackElo "2515"]
[PlyCount "52"]
[EventDate "1988.??.??"]
[Source "www.chesslib.no"]
[SourceDate "2004.05.04"]

1. g3 f5 2. Bg2 Nf6 3. c4 g6 4. Nc3 Bg7 5. d4 d6 6. Bg5 Nbd7 7. e4 fxe4 8. Nxe4 Nxe4 9. Bxe4 c5 10. Nf3 Nf6 11. Bxf6 Bxf6 12. dxc5 Qa5+ 13. Qd2 Qxc5 14. Rc1 Bh3 15. Ke2 O-O 16. Qd5+ Qxd5 17. Bxd5+ e6 18. Be4 d5 19. cxd5 exd5 20. Bxd5+ Kh8 21. Rc4 Rae8+ 22. Re4 Bxb2 23. Rd1 b5 24. Nd2 Bf5 25. Rxe8 Rxe8+ 26. Kf3 Bc2 0-1

[Event "HUN-chT2 0203 Charousek"]
[Site "?"]
[Date "2003.02.16"]
[Round "7"]
[White "Ribli Zoltan"]
[Black "Grunberg Mihai"]
[Result "1-0"]
[WhiteElo "2574"]
[BlackElo "2445"]
[PlyCount "48"]
[EventDate "2003.??.??"]
[Source "www.chesslib.no"]
[SourceDate "2004.05.04"]

1. d4 f5 2. g3 Nf6 3. Bg2 g6 4. c4 Bg7 5. Nc3 O-O 6. Nh3 d6 7. d5 c6 8. O-O Qe8 9. Rb1 Na6 10. dxc6 bxc6 11. Qa4 Bb7 12. b4 Rb8 13. Rd1 Ng4 14. Qb3 Qf7 15. f3 Ne5 16. f4 Ng4 17. Ng5 Qe8 18. Ne6 Rf6 19. Nxg7 Kxg7 20. h3 Nh6 21. Be3 c5 22. Bxb7 Rxb7 23. Nd5 Re6 24. Qc3+ Kf7 1-0

[Event "Biel Credis"]
[Site "Biel"]
[Date "1996.??.??"]
[Round "4"]
[White "Pelletier, Yannick"]
[Black "Lutz, Christopher"]
[Result "0-1"]
[WhiteElo "2440"]
[BlackElo "2565"]
[PlyCount "96"]
[EventDate "1996.07.22"]
[Source "ChessBase"]

1. d4 f5 2. g3 Nf6 3. Bg2 g6 4. c4 Bg7 5. Nc3 O-O 6. Nh3 d6 7. d5 Na6 8. O-O Nc5 9. Qc2 e5 10. dxe6 c6 11. Rd1 Qe7 12. b3 Bxe6 13. Ng5 Bd7 14. Bb2 Rad8 15. e3 Ng4 16. Nh3 g5 17. Re1 h6 18. Rad1 Bc8 19. b4 Ne4 20. f4 Ngf6 21. Nxe4 Nxe4 22. Nf2 Bxb2 23. Qxb2 Nf6 24. Qd4 c5 25. bxc5 dxc5 26. Qe5 Qxe5 27. fxe5 Nh5 28. Rd5 b6 29. Rd6 Rxd6 30. exd6 Rd8 31. Bd5+ Kg7 32. g4 fxg4 33. e4 Rxd6 34. e5 Rd7 35. Ne4 Re7 36. Nd6 Be6 37. Nb5 Nf4 38. Bxe6 Nxe6 39. Nd6 Nd4 40. Kf2 Kg6 41. Nc8 Re6 42. Nxa7 Nf3 43. Re2 Nxe5 44. Kg3 h5 45. Nc6 h4+ 46. Kg2 Rxc6 47. Rxe5 Rd6 48. Re2 Kf5 0-1

[Event "Copa Puma Mercosur"]
[Site "Villa Martelli ARG"]
[Date "2007.07.30"]
[Round "8"]
[White "Lafuente, P."]
[Black "Rodriguez Vila, A."]
[Result "1-0"]
[WhiteElo "2454"]
[BlackElo "2547"]
[PlyCount "59"]
[EventDate "2007.07.23"]
[Source "www.chesslib.no"]
[SourceDate "2004.05.04"]

1. d4 f5 2. g3 Nf6 3. Bg2 g6 4. c4 Bg7 5. Nh3 O-O 6. Nc3 d6 7. d5 c5 8. Nf4 Na6 9. a3 Nc7 10. h4 Qe8 11. h5 Rb8 12. hxg6 hxg6 13. a4 a6 14. a5 b5 15. axb6 Rxb6 16. Qa4 Bd7 17. Qa5 Rb7 18. Bf3 Bc8 19. Ra3 Ng4 20. Nd3 e5 21. dxe6 Nxe6 22. Nf4 Ne5 23. Bd5 Rff7 24. Qa4 Bd7 25. Qxa6 Nxf4 26. gxf4 Nd3+ 27. Kf1 Bxc3 28. Rxc3 Kg7 29. Qxd6 Rf6 30. Rh7+ 1-0

[Event "ASEAN Masters Circuit GMA"]
[Site "Tarakan INA"]
[Date "2008.01.12"]
[Round "5"]
[White "Purnama, T."]
[Black "Zhang Zhong"]
[Result "0-1"]
[WhiteElo "2383"]
[BlackElo "2617"]
[PlyCount "70"]
[EventDate "2008.01.08"]
[Source "www.chesslib.no"]
[SourceDate "2004.05.04"]

1. d4 f5 2. g3 Nf6 3. Bg2 g6 4. c4 Bg7 5. Nc3 d6 6. d5 O-O 7. Nh3 c6 8. Nf4 Qe8 9. O-O Na6 10. Rb1 Nc7 11. b4 g5 12. Nd3 cxd5 13. Nxd5 Ncxd5 14. cxd5 Qg6 15. Bb2 Bd7 16. Rc1 Rac8 17. Qb3 Qh5 18. e3 Qf7 19. Rxc8 Rxc8 20. Rc1 Qe8 21. Bd4 Rxc1+ 22. Nxc1 Qc8 23. Ne2 a6 24. Bb2 Ng4 25. Bxg7 Kxg7 26. h3 Nf6 27. Kh2 Kf7 28. Nd4 Qc1 29. Ne6 Qe1 30. Nxg5+ Kg6 31. f4 Qf2 32. Ne6 Nxd5 33. Nf8+ Kg7 34. Qxd5 Bc6 35. Ne6+ Kg8 0-1

[Event "Villa Ballester op"]
[Site "Villa Ballester"]
[Date "2000.??.??"]
[Round "5"]
[White "Sorin, Ariel"]
[Black "Rodriguez, Andres1"]
[Result "1-0"]
[WhiteElo "2502"]
[BlackElo "2492"]
[PlyCount "51"]
[EventDate "2000.??.??"]
[Source "www.chesslib.no"]
[SourceDate "2004.05.04"]

1. d4 f5 2. g3 Nf6 3. Bg2 g6 4. c4 Bg7 5. Nc3 O-O 6. Nh3 d6 7. d5 Nbd7 8. O-O Ne5 9. Qb3 Nfd7 10. Nb5 h6 11. Bd2 Nc5 12. Qc2 a6 13. Nd4 Qe8 14. Rad1 Bd7 15. b4 Ne4 16. Nf4 Ba4 17. Nb3 Bd7 18. Be3 g5 19. Ne6 Bxe6 20. dxe6 Qg6 21. Nd4 Nc6 22. Nxc6 bxc6 23. g4 Be5 24. f4 Nc3 25. fxe5 Nxd1 26. Rxd1 1-0

[Event "TCh-AUT 2003-4"]
[Site "Velden"]
[Date "2004.01.25"]
[Round "7"]
[White "Babula, Vlastimil"]
[Black "Balinov, Ilija"]
[Result "1/2-1/2"]
[WhiteElo "2594"]
[BlackElo "2398"]
[PlyCount "59"]
[EventDate "2004.01.01"]
[Source "Roberto Alvarez"]
[SourceDate "2004.01.26"]

1. d4 f5 2. g3 Nf6 3. Bg2 g6 4. c4 Bg7 5. Nc3 O-O 6. Nh3 c6 7. Nf4 d6 8. d5 e5 9. dxe6 Qe7 10. O-O Bxe6 11. Nxe6 Qxe6 12. Bf4 Qxc4 13. Qxd6 Na6 14. Rfd1 Rf7 15. Rd4 Qc5 16. Rad1 Nh5 17. Qxc5 Nxc5 18. Rd8+ Rxd8 19. Rxd8+ Rf8 20. Rxf8+ Bxf8 21. Bb8 a6 22. e4 fxe4 23. Nxe4 Nxe4 24. Bxe4 Kf7 25. Kf1 Nf6 26. Bg2 Ke6 27. h3 g5 28. Ba7 h6 29. Ke2 Nd5 30. Bd4 1/2-1/2

[Event "Lvov"]
[Site "Lvov"]
[Date "1988.??.??"]
[Round "?"]
[White "Karolyi, Tibor Jr"]
[Black "Malaniuk, Vladimir P"]
[Result "1/2-1/2"]
[WhiteElo "2475"]
[BlackElo "2515"]
[PlyCount "63"]
[EventDate "1988.02.??"]
[Source "ChessBase"]

1. d4 f5 2. c4 Nf6 3. Nc3 g6 4. g3 Bg7 5. Bg2 O-O 6. e3 d6 7. Nge2 e5 8. b4 Re8 9. O-O Nbd7 10. Qb3 Kh8 11. a4 e4 12. a5 Nf8 13. b5 Ne6 14. Nf4 Ng5 15. Qd1 a6 16. Bd2 Qd7 17. h4 Ne6 18. Nfd5 Qf7 19. Nxf6 Bxf6 20. Nd5 Bg7 21. Nb4 Nd8 22. Rc1 c6 23. Qe2 Qc7 24. Rb1 Qd7 25. bxc6 bxc6 26. Nc2 c5 27. Rb6 Qc7 28. Bc3 Be6 29. Na3 Re7 30. Qb2 Kg8 31. Rb1 cxd4 32. Bxd4 1/2-1/2

[Event "Perenyi mem-B"]
[Site "Budapest HUN"]
[Date "1989.??.??"]
[Round "?"]
[White "Espig, Lutz"]
[Black "Malaniuk, Vladimir P"]
[Result "0-1"]
[WhiteElo "2470"]
[BlackElo "2520"]
[PlyCount "42"]
[EventDate "1989.??.??"]
[Source "www.chesslib.no"]
[SourceDate "2004.05.04"]

1. d4 f5 2. g3 Nf6 3. Bg2 g6 4. c4 Bg7 5. Nc3 O-O 6. Nh3 d6 7. d5 Na6 8. Nf4 Qe8 9. O-O c5 10. dxc6 bxc6 11. Qa4 Nb8 12. c5 e5 13. Nfd5 cxd5 14. Qxe8 Rxe8 15. Nxd5 e4 16. Nc7 Na6 17. Nxa8 dxc5 18. Be3 Nd5 19. Rac1 Nxe3 20. fxe3 Be6 21. Rfd1 Bf8 0-1

[Event "Caciulata"]
[Site "Calimanesti"]
[Date "1992.??.??"]
[Round "?"]
[White "Ghitescu, Theodor"]
[Black "Malaniuk, Vladimir P"]
[Result "0-1"]
[WhiteElo "2435"]
[BlackElo "2550"]
[PlyCount "60"]
[EventDate "1992.??.??"]
[Source "www.chesslib.no"]
[SourceDate "2004.05.04"]

1. d4 f5 2. c4 Nf6 3. Nc3 g6 4. g3 Bg7 5. Bg2 d6 6. d5 O-O 7. Nh3 Nbd7 8. Nf4 Ne5 9. Qb3 c5 10. O-O Rb8 11. e4 a6 12. a4 Qa5 13. Ne6 Bxe6 14. dxe6 Qb4 15. Qc2 fxe4 16. Bg5 Qxc4 17. Bxf6 Bxf6 18. Bxe4 Kg7 19. Bd5 Qd3 20. Qd1 Qxd1 21. Raxd1 b5 22. axb5 axb5 23. Ne2 c4 24. Nc1 Rfc8 25. Rd2 Rc5 26. Bg2 b4 27. Be4 c3 28. bxc3 bxc3 29. Rc2 Rb2 30. Ne2 Nf3+ 0-1

[Event "Open"]
[Site "?"]
[Date "2003.06.??"]
[Round "?"]
[White "Dmitrenko Viktor"]
[Black "Potapov Alexander"]
[Result "1/2-1/2"]
[WhiteElo "2487"]
[BlackElo "2498"]
[PlyCount "116"]
[EventDate "2003.??.??"]
[Source "www.chesslib.no"]
[SourceDate "2004.05.04"]

1. d4 f5 2. g3 Nf6 3. Bg2 g6 4. c4 Bg7 5. Nc3 d6 6. Nh3 Nc6 7. d5 Ne5 8. O-O O-O 9. b3 c6 10. Bd2 cxd5 11. cxd5 Bd7 12. Nf4 Rc8 13. Rc1 b5 14. h3 Qa5 15. Ne6 Bxe6 16. dxe6 b4 17. Na4 Ne4 18. a3 Nc6 19. axb4 Qe5 20. Nc3 Nxd2 21. Qxd2 Nd4 22. f4 Nxb3 23. fxe5 Nxd2 24. Nd5 Rce8 25. Rfd1 Ne4 26. Bxe4 fxe4 27. exd6 exd6 28. e7 Rf7 29. Rc7 Be5 30. Rdc1 Bd4+ 31. e3 Rf5 32. Rc8 Kf7 33. Rxe8 Rxd5 34. Rec8 Bxe3+ 35. Kf1 Kxe7 36. R1c7+ Kf6 37. Rxh7 Rd2 38. Re8 d5 39. Rd7 Bb6 40. Rd6+ Kf5 41. Rd7 g5 42. Rf7+ Kg6 43. Rd7 Kf6 44. Rd6+ Kf5 45. Rd7 e3 46. Rde7 Bd4 47. Rf8+ Kg6 48. g4 Rd1+ 49. Ke2 Rh1 50. Kd3 Rd1+ 51. Ke2 Rd2+ 52. Kf1 Rh2 53. Rf3 Rh1+ 54. Ke2 Rh2+ 55. Kf1 Rh1+ 56. Kg2 Rb1 57. Rf5 Rb2+ 58. Kf1 Rb1+ 1/2-1/2

[Event "Patras op"]
[Site "Patras"]
[Date "2000.??.??"]
[Round "8"]
[White "Bagaturov, Giorgi"]
[Black "Dzhumaev, Marat"]
[Result "1-0"]
[WhiteElo "2501"]
[BlackElo "2483"]
[PlyCount "81"]
[EventDate "2000.??.??"]
[Source "www.chesslib.no"]
[SourceDate "2004.05.04"]

1. d4 f5 2. g3 Nf6 3. Bg2 g6 4. c4 d6 5. Nc3 Bg7 6. d5 c6 7. Nh3 O-O 8. O-O e5 9. dxe6 Bxe6 10. Qd3 Nbd7 11. Qxd6 Bxc4 12. Qb4 Ba6 13. Ng5 Qb6 14. Qxb6 Nxb6 15. Ne6 Rf7 16. Nxg7 Rxg7 17. Rd1 Nfd5 18. Nxd5 Nxd5 19. Rxd5 cxd5 20. Bxd5+ Rf7 21. Bh6 Rd8 22. Rc1 b6 23. Bb3 Rdd7 24. f3 g5 25. Rc6 Rde7 26. Bxg5 Bb5 27. Rc8+ Kg7 28. Bxf7 Rxf7 29. Kf2 Rd7 30. h3 Kg6 31. Be3 Rd1 32. g4 Rh1 33. Bf4 Rxh3 34. Rg8+ Kf7 35. Rg5 Bd7 36. gxf5 Rh1 37. Be5 h5 38. Rg7+ Ke8 39. f6 Rd1 40. Re7+ Kf8 41. Bf4 1-0

[Event "Hamburg 82/81"]
[Site "?"]
[Date "2001.??.??"]
[Round "?"]
[White "Rogozenko, D."]
[Black "Kopylov, M."]
[Result "1-0"]
[WhiteElo "2537"]
[BlackElo "2444"]
[PlyCount "101"]
[EventDate "2001.??.??"]
[Source "Chess Informant"]
[SourceDate "2001.06.01"]

1. d4 f5 2. g3 Nf6 3. Bg2 g6 4. c4 Bg7 5. Nc3 O-O 6. Nh3 d6 7. d5 c6 8. O-O e5 9. dxe6 Bxe6 10. Qb3 Qe7 11. Ng5 Bf7 12. Rd1 Nh5 13. e4 f4 14. gxf4 Na6 15. Ne2 Nc5 16. Qc2 Be6 17. Be3 Bg4 18. f3 Nxf4 19. Nxf4 Qxg5 20. Nd5 Qh4 21. Bf2 Qg5 22. Be3 Qh4 23. Bf2 Qg5 24. h4 Qe5 25. fxg4 cxd5 26. Rxd5 Qf4 27. Qd2 Nxe4 28. Qxf4 Rxf4 29. Bd4 Rxg4 30. Bxg7 Kxg7 31. Re1 Ng3 32. Rxd6 Nf5 33. Rd7+ Kh6 34. Re4 Rg3 35. Kf2 Rf8 36. Rf4 b6 37. Rxf5 Rxg2+ 38. Kxg2 Rxf5 39. Rxa7 Rf4 40. b3 Rxh4 41. Rb7 Rd4 42. Rxb6 Kg5 43. c5 Rd2+ 44. Kf3 Rxa2 45. Ke4 h5 46. c6 h4 47. b4 h3 48. Rb8 Rb2 49. Kd3 Rb1 50. Rh8 Rc1 51. b5 1-0

[Event "CUB-ch"]
[Site "?"]
[Date "1993.??.??"]
[Round "10"]
[White "Nogueiras, Jesus"]
[Black "Borges Mateos, Juan"]
[Result "1/2-1/2"]
[WhiteElo "2580"]
[BlackElo "2400"]
[PlyCount "123"]
[EventDate "1993.??.??"]
[Source "www.chesslib.no"]
[SourceDate "2004.05.04"]

1. c4 f5 2. Nc3 Nf6 3. g3 g6 4. Bg2 Bg7 5. d4 O-O 6. Nh3 e6 7. Nf4 Qe7 8. O-O Nc6 9. e3 d6 10. d5 Nd8 11. dxe6 c6 12. b3 Nxe6 13. Ba3 Nc5 14. Qc2 Nfe4 15. Bb2 Nxc3 16. Bxc3 Be5 17. Rad1 Be6 18. b4 Nd7 19. b5 Rac8 20. bxc6 bxc6 21. Bd4 Rc7 22. Rfe1 Bf7 23. Qa4 Rfc8 24. Rb1 Qf6 25. Ne2 c5 26. Bxe5 dxe5 27. Bb7 Re8 28. Qxa7 Qe7 29. Nc3 Nf6 30. Qa6 Rd8 31. e4 fxe4 32. Bxe4 Nxe4 33. Nxe4 Ra7 34. Qc6 Bxc4 35. Qxc5 Qxc5 36. Nxc5 Bxa2 37. Ra1 Rda8 38. Rxe5 Bf7 39. Rxa7 Rxa7 40. Re1 Rc7 41. Rc1 Ra7 42. Re1 Rc7 43. Nd3 Kg7 44. Ne5 Re7 45. f4 Rc7 46. Re2 Be6 47. Kf2 Kf6 48. h4 h5 49. Rb2 Bf5 50. Rb6+ Kg7 51. Rb3 Be6 52. Ra3 Rb7 53. Nf3 Rb2+ 54. Ke3 Rb3+ 55. Rxb3 Bxb3 56. f5 gxf5 57. Nd4 Bd1 58. Kf4 Kf6 59. Nxf5 Ba4 60. Nd6 Bc6 61. Ne4+ Bxe4 62. Kxe4 1/2-1/2

[Event "Corr"]
[Site "?"]
[Date "2000.??.??"]
[Round "?"]
[White "Mercadal Benejam Josep"]
[Black "Cruzado Duenas Carlos"]
[Result "1-0"]
[WhiteElo "2515"]
[BlackElo "2465"]
[PlyCount "97"]
[EventDate "2000.??.??"]
[Source "www.chesslib.no"]
[SourceDate "2004.05.04"]

1. d4 f5 2. g3 Nf6 3. Bg2 g6 4. Nh3 Bg7 5. Nf4 d6 6. d5 c6 7. c4 O-O 8. Nc3 e5 9. dxe6 Na6 10. O-O Nc5 11. b4 Nxe6 12. b5 Ne8 13. Qd3 Qf6 14. Bb2 Nxf4 15. gxf4 cxb5 16. cxb5 Qf7 17. Rab1 Be6 18. Nd5 Bxb2 19. Rxb2 Nc7 20. Nxc7 Qxc7 21. Rd1 Rfd8 22. Rc2 Qe7 23. Qe3 Rd7 24. a4 d5 25. Bxd5 Kf8 26. Rcd2 Bxd5 27. Rxd5 Qxe3 28. fxe3 Re7 29. Kf2 Rae8 30. R1d3 Kf7 31. Rd7 Rc8 32. e4 fxe4 33. Rxe7+ Kxe7 34. Rd4 e3+ 35. Kxe3 Rc3+ 36. Kf2 Rh3 37. Re4+ Kd6 38. Kg2 Rc3 39. h4 a6 40. bxa6 bxa6 41. h5 Rc5 42. hxg6 hxg6 43. Kf3 Kd7 44. e3 Kd6 45. Rd4+ Ke6 46. Kg4 Ke7 47. e4 Rc1 48. e5 Rg1+ 49. Kf3 1-0

[Event "Biel Open"]
[Site "Biel SUI"]
[Date "1990.??.??"]
[Round "5"]
[White "Sher, Miron N"]
[Black "Beim, Valery"]
[Result "0-1"]
[WhiteElo "2500"]
[BlackElo "2480"]
[PlyCount "74"]
[EventDate "1990.07.??"]
[Source "www.chesslib.no"]
[SourceDate "2004.05.04"]

1. c4 f5 2. d4 Nf6 3. Nc3 g6 4. g3 Bg7 5. Bg2 d6 6. d5 Na6 7. Nh3 e5 8. dxe6 Nc5 9. Nf4 c6 10. O-O O-O 11. Be3 Nxe6 12. Rc1 Qe7 13. Qa4 Ng4 14. Bd2 Nxf4 15. Bxf4 g5 16. Bd2 f4 17. Qd1 fxg3 18. hxg3 Qf6 19. Bf3 Qh6 20. Bxg4 Bxg4 21. Ne4 Rae8 22. f3 Rxe4 23. fxg4 Rxg4 24. Rxf8+ Bxf8 25. Be1 Qe6 26. Qd3 Re4 27. Rc2 g4 28. Bf2 a6 29. b3 Bh6 30. Qd1 Qe5 31. Kg2 Be3 32. Qe1 Bxf2 33. Qxf2 Re3 34. Rd2 h5 35. Qe1 h4 36. gxh4 Qe4+ 37. Kf2 g3+ 0-1

[Event "FRA-chT"]
[Site "FRA"]
[Date "1998.05.08"]
[Round "8"]
[White "Pinter, Jozsef"]
[Black "Szabolcsi, Janos"]
[Result "1-0"]
[WhiteElo "2590"]
[BlackElo "2390"]
[PlyCount "85"]
[EventDate "1998.02.06"]
[Source "ChessBase"]
[SourceDate "1998.07.07"]

1. d4 f5 2. g3 Nf6 3. Bg2 g6 4. c4 Bg7 5. Nc3 O-O 6. Nf3 d6 7. d5 c6 8. Nd4 c5 9. Nc2 Na6 10. O-O Nc7 11. a4 Rb8 12. Rb1 b6 13. Bd2 e6 14. dxe6 Bxe6 15. Bf4 Bxc4 16. Ne3 Ba6 17. Bxd6 Rf7 18. Nb5 Bxb5 19. axb5 Qe8 20. Qb3 Rc8 21. Bxc7 Rcxc7 22. Nd5 c4 23. Nxc7 Rxc7 24. Qa4 Qxe2 25. Rfe1 Qg4 26. Bc6 Bh6 27. h3 Qd4 28. Rbd1 Qc5 29. Re6 Kf7 30. b4 Qf8 31. Rxf6+ Kxf6 32. Qa1+ Kf7 33. Qe5 Qe7 34. Bd5+ Ke8 35. Qh8+ Bf8 36. Bc6+ Kf7 37. Qxh7+ Bg7 38. h4 c3 39. h5 Qg5 40. hxg6+ Kf6 41. Qg8 Qh6 42. Qd8+ Kxg6 43. Rd6+ 1-0

[Event "Maribor"]
[Site "Maribor"]
[Date "1980.11.??"]
[Round "9"]
[White "Ree, Hans"]
[Black "Rakic, Tomislav"]
[Result "1-0"]
[WhiteElo "2520"]
[BlackElo "2455"]
[PlyCount "59"]
[EventDate "1980.??.??"]
[Source "www.chesslib.no"]
[SourceDate "2004.05.04"]

1. d4 g6 2. c4 f5 3. g3 Bg7 4. Bg2 Nf6 5. Nh3 O-O 6. O-O c6 7. Nc3 d6 8. d5 e5 9. dxe6 Bxe6 10. Qb3 Qe7 11. Ng5 Bf7 12. Nxf7 Rxf7 13. Bf4 Na6 14. Rad1 Ne8 15. Qa3 Qe6 16. Bxc6 bxc6 17. Qxa6 Bxc3 18. bxc3 c5 19. Rfe1 Rb8 20. f3 Rb6 21. Qa4 Nf6 22. Rd3 Kg7 23. Kf2 g5 24. Re3 Ne4+ 25. fxe4 fxe4 26. Kg1 gxf4 27. gxf4 Rb2 28. Kh1 Kh6 29. Rg1 Rb6 30. Qe8 1-0

[Event "JUG Ch"]
[Site "Novi Sad YUG"]
[Date "1975.??.??"]
[Round "?"]
[White "Raicevic, Vladimir"]
[Black "Planinec, Albin"]
[Result "1-0"]
[WhiteElo "2440"]
[BlackElo "2535"]
[PlyCount "77"]
[EventDate "1975.??.??"]
[Source "www.chesslib.no"]
[SourceDate "2004.05.04"]

1. c4 g6 2. g3 Bg7 3. Bg2 f5 4. d4 Nf6 5. b3 O-O 6. Bb2 d6 7. e3 Nbd7 8. d5 e5 9. dxe6 Nc5 10. Ne2 Bxe6 11. O-O c6 12. Nbc3 a5 13. Nf4 Bf7 14. Ba3 Qe7 15. Rc1 Ng4 16. e4 Rfe8 17. exf5 gxf5 18. Qd2 Qf6 19. h3 Ne5 20. Rfd1 a4 21. Bxc5 dxc5 22. Nxa4 Nxc4 23. Qc2 Nb2 24. Nxb2 Qxb2 25. Qxb2 Bxb2 26. Rxc5 Rxa2 27. Rd7 Bxb3 28. Rxb7 Bd4 29. Rxc6 Rxf2 30. Kh1 Bf7 31. Rcc7 Re1+ 32. Kh2 Rb2 33. h4 Rxb7 34. Rxb7 Bf2 35. Bd5 Bxd5 36. Nxd5 Bg1+ 37. Kg2 Bd4 38. Ne7+ Kf8 39. Nxf5 1-0

[Event "[Fritz"]
[Site "[Fritz"]
[Date "1994.??.??"]
[Round "5"]
[White "Kasparov, Gary"]
[Black "Vianin, Pascal"]
[Result "1-0"]
[WhiteElo "2805"]
[BlackElo "2170"]
[PlyCount "70"]
[EventDate "1994.??.??"]
[Source "www.chesslib.no"]
[SourceDate "2004.05.04"]

1. c4 f5 2. g3 Nf6 3. Bg2 g6 4. d4 Bg7 5. Nc3 d6 6. Nh3 O-O 7. d5 Nbd7 8. Nf4 Ne5 9. b3 c5 10. Bd2 Bd7 11. h4 Qe8 12. a4 Rb8 13. Nb5 Ne4 14. Nc7 Qc8 15. Nce6 Rf7 16. Bxe4 fxe4 17. h5 Bxe6 18. Nxe6 Ng4 19. hxg6 hxg6 20. f3 e3 21. fxg4 exd2+ 22. Kxd2 Rf6 23. Nxg7 Kxg7 24. g5 Rf5 25. Rh6 e6 26. Qh1 Qg8 27. Rxg6+ Kxg6 28. Qh6+ Kf7 29. Qxe6+ Kg7 30. Qxf5 Rf8 31. Qd7+ Qf7 32. Qxd6 Qf2 33. Qh6+ Kf7 34. Qf6+ Qxf6 35. gxf6 Rg8 1-0

[Event "XVI Lasker Mem Open A"]
[Site "Barlinek POL"]
[Date "2008.06.06"]
[Round "7"]
[White "Urban, K."]
[Black "Danielsen, Hen"]
[Result "1/2-1/2"]
[WhiteElo "2465"]
[BlackElo "2510"]
[PlyCount "34"]
[EventDate "2008.05.31"]
[Source "www.chesslib.no"]
[SourceDate "2004.05.04"]

1. d4 f5 2. c4 Nf6 3. Nc3 d6 4. g3 g6 5. Bg2 Bg7 6. Nh3 O-O 7. d5 Nbd7 8. O-O Ne5 9. b3 c5 10. Bb2 a6 11. a4 b6 12. Qd2 Rb8 13. Ng5 Ne8 14. h3 Nc7 15. f4 Nf7 16. Nxf7 Rxf7 17. Nd1 b5 1/2-1/2

[Event "I Carvalho Mem Masters"]
[Site "?"]
[Date "2003.06.25"]
[Round "4"]
[White "Galego Luis"]
[Black "Movsziszian Karen"]
[Result "1/2-1/2"]
[WhiteElo "2506"]
[BlackElo "2468"]
[PlyCount "26"]
[EventDate "2003.??.??"]
[Source "www.chesslib.no"]
[SourceDate "2004.05.04"]

1. c4 g6 2. Nc3 Bg7 3. g3 e5 4. Bg2 d6 5. e3 f5 6. Nge2 Nf6 7. d4 O-O 8. b3 c6 9. dxe5 dxe5 10. Ba3 Re8 11. Qxd8 Rxd8 12. e4 f4 13. h4 Na6 1/2-1/2

[Event "Moscow RUS"]
[Site "?"]
[Date "2006.05.10"]
[Round "10"]
[White "Saulin Dmitri"]
[Black "Sambuev Bator"]
[Result "0-1"]
[WhiteElo "2471"]
[BlackElo "2489"]
[PlyCount "72"]
[EventDate "2006.??.??"]
[Source "www.chesslib.no"]
[SourceDate "2004.05.04"]

1. c4 f5 2. g3 Nf6 3. Bg2 g6 4. d4 Bg7 5. Nc3 O-O 6. Nh3 d6 7. Nf4 c6 8. d5 Qe8 9. O-O Na6 10. Rb1 Nc7 11. b4 g5 12. Nd3 cxd5 13. cxd5 Qg6 14. Rb3 Bd7 15. a4 Ne4 16. Nxe4 fxe4 17. Nb2 Rac8 18. Re3 Bf5 19. h3 Qf7 20. Bxe4 Bxe4 21. Rxe4 Nxd5 22. Rg4 h6 23. b5 Nc3 24. Qd3 Na2 25. Rc4 Nxc1 26. Rfxc1 Qxf2+ 27. Kh1 Rcd8 28. R4c2 d5 29. Rg1 Qf7 30. Nd1 e5 31. e4 dxe4 32. Qxe4 Rd4 33. Qg2 Rxa4 34. Ne3 Qb3 35. Nd5 e4 36. Rd1 Rf7 0-1

[Event "ch-ROU"]
[Site "Cluj ROU"]
[Date "2008.02.29"]
[Round "7"]
[White "Grigore, Ge"]
[Black "Grunberg, M."]
[Result "1/2-1/2"]
[WhiteElo "2532"]
[BlackElo "2424"]
[PlyCount "50"]
[EventDate "2008.02.25"]
[Source "www.chesslib.no"]
[SourceDate "2004.05.04"]

1. d4 f5 2. c4 Nf6 3. g3 d6 4. Bg2 c6 5. d5 e5 6. dxe6 Bxe6 7. Qc2 Na6 8. Nh3 g6 9. O-O Bg7 10. Rd1 Qe7 11. Bf4 d5 12. Nc3 Rd8 13. cxd5 Nb4 14. Qa4 Nbxd5 15. Qxa7 O-O 16. Nxd5 Bxd5 17. Qe3 Qxe3 18. Bxe3 Bxg2 19. Kxg2 Ng4 20. Bg5 Bxb2 21. Bxd8 Bxa1 22. Bb6 Bf6 23. a4 Ne5 24. Nf4 Nc4 25. Rb1 Ra8 1/2-1/2

[Event "Jugoslavija"]
[Site "?"]
[Date "1992.??.??"]
[Round "?"]
[White "Gligoric, S."]
[Black "Cseshkovsky, V."]
[Result "1/2-1/2"]
[WhiteElo "2445"]
[BlackElo "2510"]
[PlyCount "128"]
[EventDate "1992.??.??"]
[Source "ChessBase"]
[SourceDate "1992.10.01"]

1. d4 f5 2. g3 Nf6 3. Bg2 g6 4. Nh3 d6 5. d5 c6 6. c4 Bg7 7. Nf4 O-O 8. Nc3 e5 9. dxe6 Qe7 10. O-O Bxe6 11. Nxe6 Qxe6 12. Bf4 Qxc4 13. Qxd6 Na6 14. Qa3 Rfd8 15. Rad1 Qb4 16. Qxb4 Nxb4 17. Bd6 Na6 18. Rfe1 Rd7 19. Bf4 Nb4 20. Rxd7 Nxd7 21. Rc1 Nb6 22. a3 Bxc3 23. bxc3 N4d5 24. Bh6 Nc4 25. a4 Re8 26. e3 Kf7 27. Bf1 Nd2 28. c4 Nf6 29. Be2 Nb3 30. Rc2 Nc5 31. a5 Rd8 32. f3 a6 33. Bf4 Ke6 34. Rb2 Ke7 35. h3 Ke6 36. g4 h5 37. gxf5+ gxf5 38. h4 Rg8+ 39. Kf2 Nfd7 40. Bc7 Rc8 41. Bg3 Ne5 42. Kg2 Rd8 43. Kh3 Rd7 44. Kg2 Ned3 45. Rb1 f4 46. exf4 Kf5 47. Kf1 Nxf4 48. Bf2 Ncd3 49. Be3 Re7 50. Bxd3+ Nxd3 51. Bg5 Rd7 52. Ke2 Nf4+ 53. Bxf4 Kxf4 54. c5 Rd5 55. Rxb7 Rxc5 56. Rf7+ Kg3 57. Rg7+ Kxh4 58. f4 Rxa5 59. Rg1 Kh3 60. Kf3 Ra3+ 61. Ke4 h4 62. f5 Rg3 63. Rh1+ Kg4 64. f6 Rg2 1/2-1/2

[Event "Sarajevo"]
[Site "Sarajevo"]
[Date "1988.??.??"]
[Round "?"]
[White "Gunawan, Ronny"]
[Black "Kovacevic, Vlatko"]
[Result "1-0"]
[WhiteElo "2440"]
[BlackElo "2515"]
[PlyCount "79"]
[EventDate "1988.03.??"]
[Source "ChessBase"]

1. d4 f5 2. c4 Nf6 3. g3 d6 4. Bg2 c6 5. Nc3 g6 6. Nh3 Bg7 7. O-O O-O 8. Re1 Na6 9. d5 Bd7 10. Nf4 Nc7 11. Qb3 c5 12. Bd2 Rb8 13. a4 a6 14. a5 Qe8 15. e4 Ng4 16. Nd3 Qf7 17. h3 Ne5 18. Nxe5 Bxe5 19. Bh6 f4 20. gxf4 Bg7 21. Bxg7 Qxg7 22. e5 Rxf4 23. e6 Be8 24. Ne2 Rh4 25. Ng3 Rf4 26. Ne4 g5 27. Qb6 Na8 28. Qa7 Rd8 29. Qxb7 Bg6 30. Ra3 Rdf8 31. Re2 h6 32. Rae3 Kh8 33. b4 g4 34. h4 Bxe4 35. Rxe4 Qa1+ 36. Re1 Qf6 37. Rxf4 Qxf4 38. Rf1 cxb4 39. Qxe7 b3 40. Be4 1-0

[Event "Mind Sports Games - Blitz Team"]
[Site "Pechino CINA"]
[Date "2008.10.13"]
[Round "4"]
[White "Glud, J."]
[Black "Mahjoob, M."]
[Result "0-1"]
[WhiteElo "2444"]
[BlackElo "2507"]
[PlyCount "73"]
[EventDate "2008.10.13"]
[Source "www.chesslib.no"]
[SourceDate "2004.05.04"]

1. d4 f5 2. g3 Nf6 3. Bg2 g6 4. c4 Bg7 5. Nh3 O-O 6. O-O e6 7. Nc3 d6 8. Nf4 c6 9. b3 e5 10. dxe5 dxe5 11. Nd3 e4 12. Nf4 Qc7 13. h4 Ng4 14. Qc2 Na6 15. Ba3 Re8 16. Rad1 Qe5 17. Na4 e3 18. f3 Nf2 19. Rc1 Qc7 20. Nc5 Nxc5 21. Bxc5 b6 22. Bxe3 Rxe3 23. Rxf2 Bb7 24. Rd1 Rae8 25. Bf1 Bh6 26. c5 b5 27. Rd6 Bf8 28. Rd3 b4 29. Rxe3 Rxe3 30. Qc4+ Qf7 31. Qxb4 Ba6 32. Qd4 Qe7 33. Ng2 Re5 34. f4 Rd5 35. Qe3 Qxc5 36. Qe6+ Kg7 37. Qe5+ 0-1